LEADER 03166nam 22006495 450 001 9910455034603321 005 20210209113914.0 010 $a9786612356292 010 $a1-282-35629-1 010 $a0-520-92484-3 010 $a1-59734-804-X 024 7 $a10.1525/9780520924840 035 $a(CKB)111056485640942 035 $a(EBL)224643 035 $a(OCoLC)475931658 035 $a(SSID)ssj0000219991 035 $a(PQKBManifestationID)11910747 035 $a(PQKBTitleCode)TC0000219991 035 $a(PQKBWorkID)10137251 035 $a(PQKB)11593369 035 $a(StDuBDS)EDZ0000055920 035 $a(OCoLC)49570023 035 $a(MdBmJHUP)muse30680 035 $a(DE-B1597)520343 035 $a(DE-B1597)9780520924840 035 $a(MiAaPQ)EBC224643 035 $a(EXLCZ)99111056485640942 100 $a20200424h20002001 fg 101 0 $aeng 135 $aur||||||||||| 181 $ctxt 182 $cc 183 $acr 200 10$aPermissible Dose $eA History of Radiation Protection in the Twentieth Century /$fJ. Samuel Walker 210 1$aBerkeley, CA :$cUniversity of California Press,$d[2000] 210 4$d©2001 215 $a1 online resource (183 p.) 300 $aDescription based upon print version of record. 311 $a0-520-22328-4 320 $aIncludes bibliographical references and index. 327 $tFront matter --$tContents --$tFigures --$tPreface --$tI. The Discovery of Radiation and Its Hazards --$t2. The Debate over Nuclear Power and Radiation --$t3. The Role of Federal Agencies in Radiation Protection --$t4. New Controversies, New Standards --$t5. The Ambiguities of Radiation Effects --$tEssay on Sources --$tIndex 330 $aHow much radiation is too much? J. Samuel Walker examines the evolution, over more than a hundred years, of radiation protection standards and efforts to ensure radiation safety for nuclear workers and for the general public. The risks of radiation-caused by fallout from nuclear bomb testing, exposure from medical or manufacturing procedures, effluents from nuclear power, or radioactivity from other sources-have aroused more sustained controversy and public fear than any other comparable industrial or environmental hazard. Walker clarifies the entire radiation debate, showing that permissible dose levels are a key to the principles and practices that have prevailed in the field of radiation protection since the 1930's, and to their highly charged political and scientific history as well. 606 $aNuclear energy$xLaw and legislation$zUnited States$xHistory 606 $aRadiation$xSafety measures$xHistory 608 $aElectronic books. 615 0$aNuclear energy$xLaw and legislation$xHistory. 615 0$aRadiation$xSafety measures$xHistory. 676 $a363.17/996/0904 686 $aAR 25700$2rvk 700 $aWalker$b J. Samuel$4aut$4http://id.loc.gov/vocabulary/relators/aut$01045639 712 02$aU.S. Nuclear Regulatory Commission. 801 0$bDE-B1597 801 1$bDE-B1597 906 $aBOOK 912 $a9910455034603321 996 $aPermissible Dose$92472085 997 $aUNINA LEADER 01363nam--2200421---450 001 990000513820203316 005 20220406100328.0 010 $a3-8053-0847-7 035 $a0051382 035 $aUSA010051382 035 $a(ALEPH)000051382USA01 035 $a0051382 100 $a20010618d1985----km-y0itay0103----ba 101 $ager 102 $aDE 105 $a||||||||001yy 200 1 $aDionysos der Erlöser$egriechische Mythen im spätantiken Cypern$fWiktor A. Daszewski 210 $aMainz am Rhein$cP. von Zabern$dc1985 215 $a52 p.$c15 carte di tav.; ill.$d26 cm 225 2 $aTrierer beitrage zur Altertumskunde$v2 225 2 $aKulturgeschichte der antiken Welt, Sonderband 410 $12001$aTrierer beitrage zur Altertumskunde$v2 410 $12001$aKulturgeschichte der antiken Welt, Sonderband 606 0 $aMosaici romani$yCipro 606 0 $aPavimenti$xMosaici$yCipro 606 0 $aPaphos (Cipro)$xAntichità romane 606 0 $aDioniso nell'Arte 606 0 $aMitologia greca nell'arte 606 0 $aCipro$xAntichità romane 676 $a729.7 700 1$aDASZEWSKI,$bWiktor A.$0399885 801 0$aIT$bsalbc$gISBD 912 $a990000513820203316 951 $aXI.2.B. 81(X B COLL. 106/2)$b95431 L.M.$cX B COLL. 959 $aBK 969 $aUMA 996 $aDionysos der Erlöser$9886856 997 $aUNISA LEADER 01888nam 2200469 450 001 9910703640303321 005 20150401133241.0 035 $a(CKB)5470000002433309 035 $a(OCoLC)905976790 035 $a(EXLCZ)995470000002433309 100 $a20150401d2014 ua 0 101 0 $aeng 135 $aur||||||||||| 181 $ctxt$2rdacontent 182 $cc$2rdamedia 183 $acr$2rdacarrier 200 10$aNuclear safety$earrangement between the United States of America and Kazakhstan, signed at Vienna, September 24, 2014, with annex 210 1$a[Washington, D.C.] :$cUnited States Department of State,$d[2014?] 215 $a1 online resource (15 unnumbered pages) 225 1 $aTreaties and other international acts series ;$v14-924.2 300 $aTitle from title screen (viewed on April 1, 2015). 517 3 $aArrangement between the United States of America and Kazakhstan, signed at Vienna, September 24, 2014, with annex 606 $aNuclear facilities$zUnited States$xSafety measures 606 $aNuclear facilities$zKazakhstan$xSafety measures 606 $aCommunication of technical information$zUnited States 606 $aCommunication of technical information$zKazakhstan 606 $aNuclear facilities$xSafety measures$xInternational cooperation 608 $aTreaties.$2lcgft 615 0$aNuclear facilities$xSafety measures. 615 0$aNuclear facilities$xSafety measures. 615 0$aCommunication of technical information 615 0$aCommunication of technical information 615 0$aNuclear facilities$xSafety measures$xInternational cooperation. 712 02$aUnited States.$bDepartment of State, 712 02$aKazakhstan, 712 02$aUnited States, 801 0$bGPO 801 1$bGPO 906 $aBOOK 912 $a9910703640303321 996 $aNuclear safety$92319825 997 $aUNINA